00590nam a2200193Ia 4500008004100000020001400041082001600055100001800071245004000089250000800129260004500137300002600182500001900208600002000227650002000247942000700267952010700274999001500381240925s9999 xx 000 0 und d a132181088 a362.973 GIL aGilbert, Neil 0aDimensions of Social Welfare Policy a3rd aNew Jersey:bPrintice- Hall Int.c,1993. ax,345p.bNAfOriginal aIncludes Index aSocial Sciences aSocial Sciences cBK 001040708SSaUITUbUITUd2000-08-16eNAl0o362.973 GILpQ2759r2024-09-25 07:12:54w2024-09-25yBK c5258d5258